00518 2200205 4500001002100000005001500021035002000036007000300056008004100059020002200100082000800122084001800130100001100148245005700159260003100216300001700247990001600264990001600280990001600296INLIS00000000000147820211222082819 a0010-1221000158ta211222 g 0 ind  a978-602-434-955-4 a330 a330 ALA b c.30 aAlam S1 aBuku Penilaian Bupena Ekonomi untuk SMA/MA Kelas XII aJakarta :bErlangga,c2019 a211 ;c26 cm a2021/p/1522 a2021/p/1523 a2021/p/1524